00920nam a2200265 i 450000100060000000300090000600500170001500800390003201500170007104000350008808000160012310000470013924500620018626000560024830000260030438000170033049000380034750400360038565500170042165000120043865000270045071000420047783000370051985600980055612115KOSZ 00520200630132825.0070712s1970 pl f 001 0 pol aPB 1970/3277 aWA NcKOSZ 005/RWdKOSZ 005/RW a512:513:5191 aBalcerzyk, Stanisławd(1932-2005).eAutor10aWstęp do algebry homologicznej /cStanisław Balcerzyk. aWarszawa :bPaństwowe Wydawnictwo Naukowe,c1970. a438, [2] s. ;c25 cm. aKsiążki.1 aBiblioteka Matematyczna ;vt. 34. aBibliogr. s. [427]-428. Indeks. 4aPodręcznik 4aAlgebra 4aTopologia algebraiczna2 aPaństwowe Wydawnictwo Naukowe4pbl. 0aBiblioteka Matematyczna,vt. 34. uhttp://koha.tu.koszalin.pl/cgi-bin/koha/opac-detail.pl?biblionumber=12115yKatalog online BPK